000 00275nam a2200097Ia 4500
001 653743
005 20250826154504.0
008 250824s9999 xx 000 0 und d
245 0 _a3 MİNİ VE DOĞUM GÜNÜ PARTİSİ
_cCHRİSTİNE NÖSTLİNGER
260 _bGÜNIŞIĞI YAYINLARI
999 _c653743
_d653743